Statistics for Movies With Elvis Presley Before 1965

Click here to take the quiz!

General Stats

  • This quiz has been taken 8 times
  • The average score is 10 of 14

Answer Stats

HintAnswer% Correct
1961Blue Hawaii
100%
1960G.I Blues
100%
1957Jail House Rock
100%
1956Love Me Tender
100%
1960Flaming Star
83%
1958King Creole
83%
1964Viva Las Vegas
83%
1962It Happened at the World's Fair
67%
1957Loving You
67%
1962Follow That Dream
50%
1963Fun in Acapulco
50%
1964Roustabout
50%
1961Wild in the Country
50%
1964Kissin' Cousins
33%

Score Distribution

Percentile by Number Answered

Percent of People with Each Score

Your Score History

You have not taken this quiz